000
00289nam a22001337a 4500
003
SGT
082
_a
618.2
_b
O12C
100
_a
CHIGWEDERE, CRAIG
245
_a
OVERCOMING OBSTACLES IN CBT
260
_a
ANGELES
_b
SAGE
_c
2012
300
_a
230
650
_a
PSYCHOLOGY
942
_2
ddc
_c
BK
999
_c
13940
_d
13940